Normal view
MARC view
- Forouzan, Behrouz A.
Entry Personal Name
001 - CONTROL NUMBER
- control field: 62893
003 - CONTROL NUMBER IDENTIFIER
- control field: OSt
005 - DATE AND TIME OF LATEST TRANSACTION
- control field: 20241015083736.0
008 - FIXED-LENGTH DATA ELEMENTS
- fixed length control field: 241015|| aca||aabn | a|a d
040 ## - CATALOGING SOURCE
- Original cataloging agency: OSt
100 ## - HEADING--PERSONAL NAME
- Personal name: Forouzan, Behrouz A.
